SKZOO - Statistics

General Stats
  • This quiz has been taken 268 times
  • The average score is 8 of 8
Answer Stats
Picture Answer % Correct
Jisung (HAN)
100%
Bang Chan
99%
Felix
99%
Hyunjin
99%
Jeongin (I.N.)
98%
Minho (LeeKnow)
98%
Seungmin
97%
Changbin
96%
No matching quizzes found
Score Distribution
Percent of People with Each Score
Percentile by Number Answered
Your Score History
You have not taken this quiz